5HLuxD.jpg

KING HENRY VIII SENIOR AND PRIMARY SCHOOL LIBRARY OPAC

Dinosaurs after dark / (Record no. 2456)

000 -LEADER
fixed length control field 00664nam a2200229 a 4500
001 - CONTROL NUMBER
control field 015801831
003 - CONTROL NUMBER IDENTIFIER
control field UkOxU
005 - DATE AND TIME OF LATEST TRANSACTION
control field 20230602094412.0
008 - FIXED-LENGTH DATA ELEMENTS--GENERAL INFORMATION
fixed length control field 010508s2001 enka j 000 1 eng d
015 ## - NATIONAL BIBLIOGRAPHY NUMBER
National bibliography number GB A1-X7751
020 ## - INTERNATIONAL STANDARD BOOK NUMBER
International Standard Book Number 9780006647287 (pbk.)
035 ## - SYSTEM CONTROL NUMBER
System control number BNB2641.314
040 ## - CATALOGING SOURCE
Original cataloging agency BDS
Transcribing agency KH8
082 0# - DEWEY DECIMAL CLASSIFICATION NUMBER
Classification number 823.914 EMM
Edition number 21
100 1# - MAIN ENTRY--PERSONAL NAME
Personal name Emmett, Jonathan.
Relator term aut.
245 10 - TITLE STATEMENT
Title Dinosaurs after dark /
Statement of responsibility, etc. Jonathan Emmett ; illustrated by Curtis Jobling.
260 ## - PUBLICATION, DISTRIBUTION, ETC.
Place of publication, distribution, etc. London :
Name of publisher, distributor, etc. Collins,
Date of publication, distribution, etc. 2001.
300 ## - PHYSICAL DESCRIPTION
Extent [24] p. :
Other physical details ill. ;
Dimensions 29 cm.
650 #0 - SUBJECT ADDED ENTRY--TOPICAL TERM
Topical term or geographic name entry element Dinosaurs
Form subdivision Pictorial works
-- Juvenile fiction.
700 1# - ADDED ENTRY--PERSONAL NAME
Personal name Jobling, Curtis.
Relator term ill.
942 ## - ADDED ENTRY ELEMENTS (KOHA)
Source of classification or shelving scheme
Koha item type Books - Fiction
Holdings
Withdrawn status Lost status Source of classification or shelving scheme Damaged status Not for loan Collection code Permanent Location Current Location Shelving location Date acquired Total Checkouts Full call number Barcode Date last seen Date last checked out Price effective from Koha item type
          Fiction KH8 Primary School Library KH8 Primary School Library Non Fiction 2023-06-02 14 823.914 EMM KHPL000004204 2025-12-05 2025-02-14 2023-06-02 Books - Fiction

Powered By KH8 IT Dept